[Event "BL 1920 SF Berlin - Schachfreunde Deizi"]
[Site "?"]
[Date "2019.11.24"]
[Round "2.8"]
[White "Perske, Thore"]
[Black "Kollars, Dmitrij"]
[Result "0-1"]
[WhiteElo "2449"]
[BlackElo "2580"]
[PlyCount "106"]
[EventDate "2019.??.??"]

1. e4 e5 2. Nf3 Nc6 3. Bb5 a6 4. Ba4 Nf6 5. d3 d6 6. O-O b5 7. Bb3 Be7 8. a3
Na5 9. Ba2 c5 10. Nc3 Be6 11. Bg5 O-O 12. h3 Nc6 13. Bxf6 Bxf6 14. Nd5 g6 15.
c3 Bg7 16. Qd2 Ne7 17. Nxe7+ Qxe7 18. a4 c4 19. d4 f5 20. dxe5 dxe5 21. Bb1 f4
22. axb5 Rfd8 23. Qe2 axb5 24. Bc2 Bf6 25. Rfd1 Qc5 26. Rxd8+ Rxd8 27. Ra6 Kf7
28. Qe1 g5 29. Bd1 Bc8 30. Ra1 h5 31. Nh2 Kg6 32. Qe2 Rh8 33. Ra5 Bd8 34. b4
Qc6 35. Ra2 Bb6 36. Rd2 Kf6 37. Bc2 Be6 38. Kf1 g4 39. h4 Ra8 40. g3 fxg3 41.
fxg3 Ra3 42. Qd1 Ke7 43. Re2 Rxc3 44. Qd2 Rxg3 45. Qg5+ Kd7 46. Rd2+ Kc8 47.
Qxe5 Rg1+ 48. Ke2 Rg2+ 49. Ke1 Rxd2 50. Kxd2 Bc7 51. Qh8+ Kb7 52. Nf1 g3 53.
Qg7 Qd6+ 0-1

[Event "BL 1920 Hamburger SK - FC Bayern Münch"]
[Site "?"]
[Date "2019.11.24"]
[Round "2.1"]
[White "Huschenbeth, Niclas"]
[Black "Grandelius, Nils"]
[Result "0-1"]
[WhiteElo "2628"]
[BlackElo "2681"]
[PlyCount "134"]
[EventDate "2019.??.??"]

1. e4 e5 2. Nf3 Nc6 3. Bb5 a6 4. Ba4 Nf6 5. O-O Be7 6. Re1 b5 7. Bb3 O-O 8. a4
Bb7 9. d3 d6 10. Nbd2 Nd7 11. c3 Nc5 12. axb5 axb5 13. Rxa8 Qxa8 14. Bc2 b4 15.
d4 bxc3 16. bxc3 Nd7 17. Nc4 Qa1 18. Qd2 Rb8 19. Bd3 Qa4 20. Bb2 Qb3 21. Qe2
exd4 22. Nxd4 Nxd4 23. cxd4 Ba6 24. Bc1 Rb4 25. Nb2 Bxd3 26. Qxd3 Qxd3 27. Nxd3
Rxd4 28. Nf4 Rc4 29. f3 Bg5 30. Be3 Bxf4 31. Bxf4 f5 32. g3 fxe4 33. fxe4 Nc5
34. e5 Nd3 35. Rd1 Nxe5 36. Bxe5 dxe5 37. Rd7 h6 38. Re7 Rc5 39. Kg2 Kf8 40.
Rd7 Rc2+ 41. Kf3 Rxh2 42. Rxc7 Rh5 43. g4 Rg5 44. Rc6 Kf7 45. Ra6 Kg8 46. Ra7
Kh7 47. Re7 h5 48. gxh5 Kh6 49. Re8 Kxh5 50. Rh8+ Kg6 51. Ke4 Rh5 52. Re8 Rh1
53. Kf3 Re1 54. Kf2 Kf7 55. Ra8 Re4 56. Kf3 Rf4+ 57. Kg3 Kf6 58. Rf8+ Kg5 59.
Re8 Kf5 60. Rf8+ Ke4 61. Ra8 Rf6 62. Ra4+ Kf5 63. Ra8 Rb6 64. Rf8+ Kg5 65. Re8
Rb3+ 66. Kf2 Kf4 67. Rf8+ Kg4 0-1

[Event "BL 1920 Hamburger SK - FC Bayern Münch"]
[Site "?"]
[Date "2019.11.24"]
[Round "2.2"]
[White "Svane, Rasmus"]
[Black "Bogner, Sebastian"]
[Result "1-0"]
[WhiteElo "2594"]
[BlackElo "2572"]
[PlyCount "67"]
[EventDate "2019.??.??"]

1. Nf3 d5 2. g3 Nf6 3. Bg2 g6 4. c4 dxc4 5. Qa4+ Nfd7 6. Qxc4 Bg7 7. Qc2 Nc6 8.
d3 Nb6 9. Nc3 O-O 10. Be3 e5 11. h4 h6 12. Qc1 Kh7 13. Bc5 Re8 14. Nd2 Nd4 15.
h5 g5 16. e3 Ne6 17. Ba3 g4 18. Qc2 f5 19. O-O-O Kh8 20. f4 exf4 21. gxf4 Rb8
22. Nc4 Nf8 23. Ne5 Rxe5 24. fxe5 Bxe5 25. Ne2 Bg7 26. Nf4 Kh7 27. d4 Bd7 28.
Kb1 c6 29. e4 Qg5 30. Rhf1 Re8 31. e5 Ne6 32. Ne2 Qxh5 33. Rxf5 Qg6 34. Be4 1-0

[Event "BL 1920 Hamburger SK - FC Bayern Münch"]
[Site "?"]
[Date "2019.11.24"]
[Round "2.3"]
[White "Dragnev, Valentin"]
[Black "Kempinski, Robert"]
[Result "1-0"]
[WhiteElo "2550"]
[BlackElo "2576"]
[PlyCount "73"]
[EventDate "2019.??.??"]

1. d4 Nf6 2. c4 e6 3. Nf3 c5 4. d5 b5 5. dxe6 fxe6 6. cxb5 d5 7. Nbd2 Be7 8. e3
O-O 9. b3 Qa5 10. Bb2 a6 11. a4 Bb7 12. Bd3 Nbd7 13. O-O axb5 14. axb5 Qc7 15.
Qc2 h6 16. h3 Bd6 17. Rfe1 Rxa1 18. Bxa1 Ra8 19. e4 Bf4 20. e5 Ne8 21. Bb2 Ra2
22. Bg6 Qb8 23. g3 Bxd2 24. Qxd2 d4 25. Qf4 Rxb2 26. Qf7+ Kh8 27. Qxd7 Bxf3 28.
b6 d3 29. Qf7 Nd6 30. exd6 d2 31. Rd1 Rxb3 32. d7 Bc6 33. Qe8+ Qxe8 34. dxe8=Q+
Bxe8 35. Bxe8 Rb2 36. b7 c4 37. Rxd2 1-0

[Event "BL 1920 Hamburger SK - FC Bayern Münch"]
[Site "?"]
[Date "2019.11.24"]
[Round "2.4"]
[White "Engel, Luis"]
[Black "Georgiadis, Nico"]
[Result "1-0"]
[WhiteElo "2519"]
[BlackElo "2529"]
[PlyCount "59"]
[EventDate "2019.??.??"]

1. e4 e5 2. Nf3 Nc6 3. Bb5 Nf6 4. O-O Nxe4 5. d4 Nd6 6. dxe5 Nxb5 7. a4 Nbd4 8.
Nxd4 d5 9. Nxc6 bxc6 10. Qd3 Rb8 11. Nd2 c5 12. b3 Be7 13. Ba3 Qd7 14. Rad1 Qc6
15. Rfe1 O-O 16. Nf1 Bb7 17. Qh3 Rfe8 18. e6 d4 19. f3 f6 20. Ng3 g6 21. Re4
Bd6 22. Rde1 Re7 23. Qh4 Rf8 24. Bc1 f5 25. R4e2 c4 26. Bg5 Rfe8 27. Nxf5 gxf5
28. Bf6 d3 29. Qg5+ Kf8 30. Bd4 1-0

[Event "BL 1920 Hamburger SK - FC Bayern Münch"]
[Site "?"]
[Date "2019.11.24"]
[Round "2.5"]
[White "Studer, Noel"]
[Black "Lampert, Jonas"]
[Result "1/2-1/2"]
[WhiteElo "2541"]
[BlackElo "2532"]
[PlyCount "67"]
[EventDate "2019.??.??"]

1. d4 d5 2. c4 c6 3. Nf3 Nf6 4. e3 e6 5. b3 c5 6. Bb2 cxd4 7. Nxd4 Bb4+ 8. Nd2
Nc6 9. a3 Be7 10. Be2 Nxd4 11. Bxd4 O-O 12. O-O b6 13. Qc2 Bb7 14. Qb2 Bc5 15.
Bxc5 bxc5 16. cxd5 exd5 17. b4 Qb6 18. Nb3 cxb4 19. axb4 Qxb4 20. Rfb1 a5 21.
Qa2 a4 22. Nd4 Qe7 23. Qa3 Qxa3 24. Rxa3 Bc8 25. Bb5 Bd7 26. Nc6 Bxc6 27. Bxc6
Ra6 28. Bb5 Rb8 29. Rc1 Ra5 30. Bxa4 Rba8 31. Ra2 g6 32. Rca1 d4 33. exd4 Rd8
34. Bb3 1/2-1/2

[Event "BL 1920 Hamburger SK - FC Bayern Münch"]
[Site "?"]
[Date "2019.11.24"]
[Round "2.6"]
[White "Heinemann, Thies"]
[Black "Bischoff, Klaus"]
[Result "1/2-1/2"]
[WhiteElo "2501"]
[BlackElo "2511"]
[PlyCount "41"]
[EventDate "2019.??.??"]

1. e4 c5 2. Nf3 e6 3. g3 Nc6 4. Bg2 Nf6 5. Qe2 d6 6. O-O Be7 7. c3 O-O 8. d4
cxd4 9. cxd4 d5 10. e5 Ne8 11. Nc3 Bd7 12. h4 Nc7 13. Bf4 a6 14. Rfc1 Nb5 15.
Qd1 Nxc3 16. Rxc3 Qb6 17. Rb3 Qa7 18. Bg5 Rfc8 19. Bxe7 Nxe7 20. Qd2 Rc7 21.
Rc1 1/2-1/2

[Event "BL 1920 Hamburger SK - FC Bayern Münch"]
[Site "?"]
[Date "2019.11.24"]
[Round "2.8"]
[White "Meissner, Felix"]
[Black "Lindgren, Philip"]
[Result "1/2-1/2"]
[WhiteElo "2377"]
[BlackElo "2353"]
[PlyCount "107"]
[EventDate "2019.??.??"]

1. e4 e5 2. Nf3 Nc6 3. g3 Nf6 4. d3 Be7 5. Bg2 O-O 6. O-O d6 7. h3 h6 8. Nc3
Be6 9. d4 exd4 10. Nxd4 Nxd4 11. Qxd4 Re8 12. Bf4 Qd7 13. Kh2 c5 14. Qd2 Rad8
15. Rad1 b5 16. b3 b4 17. Na4 Qb5 18. Qc1 c4 19. Rd4 c3 20. Be3 d5 21. e5 Ne4
22. Rfd1 a5 23. R4d3 Rb8 24. f3 Ng5 25. h4 Nh7 26. f4 Red8 27. Bd4 Bf5 28. Re3
h5 29. Rde1 Nf8 30. Bf1 Qc6 31. Bd3 Bxd3 32. Rxd3 Qg6 33. Rf1 Qf5 34. Qe3 Ne6
35. Rf2 Rd7 36. Rd1 g6 37. Qd3 Qxd3 38. Rxd3 Bd8 39. Rf1 f6 40. Re1 Rb5 41.
exf6 Nxd4 42. Rxd4 Bxf6 43. Rd3 Re7 44. Rxe7 Bxe7 45. Kg2 Kf7 46. Kf3 Bf6 47.
Rd1 Ke6 48. Re1+ Kd7 49. Ke3 Kd6 50. Kd3 Rb8 51. Re2 Bg7 52. Re1 Bf6 53. Re2
Bg7 54. Re1 1/2-1/2

[Event "BL 1920 SG Turm Kiel - BCA Augsburg"]
[Site "?"]
[Date "2019.11.24"]
[Round "2.1"]
[White "Postny, Evgeny"]
[Black "Demchenko, Anton"]
[Result "1-0"]
[WhiteElo "2615"]
[BlackElo "2654"]
[PlyCount "101"]
[EventDate "2019.??.??"]

1. d4 Nf6 2. c4 g6 3. Nc3 Bg7 4. e4 O-O 5. Nf3 d6 6. Be2 e5 7. d5 a5 8. h3 Na6
9. Bg5 Nc5 10. Nd2 Bd7 11. b3 c6 12. O-O Qb8 13. a3 Rc8 14. b4 axb4 15. axb4
Na6 16. dxc6 bxc6 17. c5 Nxb4 18. Rxa8 Qxa8 19. Nc4 Rb8 20. cxd6 Na2 21. Bd2
Nxc3 22. Bxc3 Nxe4 23. Bxe5 Nc3 24. Qd2 Nxe2+ 25. Qxe2 Rb4 26. Bxg7 Kxg7 27.
Ne5 Qe8 28. Re1 Rb7 29. Qd2 Qd8 30. Nxf7 Kxf7 31. Re7+ Qxe7 32. dxe7 Be8 33.
Qh6 Rxe7 34. Qxh7+ Ke6 35. Qg8+ Kd6 36. f4 c5 37. Kf2 Re6 38. Qg7 Kd5 39. g4 c4
40. Qc3 Re4 41. Kg3 Rd4 42. Qa5+ Ke4 43. Qe5+ Kd3 44. Qxe8 c3 45. Qxg6+ Kd2 46.
f5 c2 47. Qh6+ Kd1 48. Qe3 Rd2 49. Qg1+ Ke2 50. Qc1 Kd3 51. f6 1-0

[Event "BL 1920 SG Turm Kiel - BCA Augsburg"]
[Site "?"]
[Date "2019.11.24"]
[Round "2.2"]
[White "Khenkin, Igor"]
[Black "Papp, Gabor"]
[Result "1/2-1/2"]
[WhiteElo "2545"]
[BlackElo "2589"]
[PlyCount "41"]
[EventDate "2019.??.??"]

1. d4 Nf6 2. c4 e6 3. Nf3 d5 4. Nc3 c5 5. cxd5 Nxd5 6. e4 Nxc3 7. bxc3 cxd4 8.
cxd4 Bb4+ 9. Bd2 Bxd2+ 10. Qxd2 O-O 11. Bc4 Nd7 12. O-O b6 13. Rad1 Bb7 14.
Rfe1 Rc8 15. Bb3 Re8 16. d5 exd5 17. exd5 Nc5 18. d6 Bxf3 19. gxf3 Qd7 20. Qf4
h6 21. Re3 1/2-1/2

[Event "BL 1920 SG Turm Kiel - BCA Augsburg"]
[Site "?"]
[Date "2019.11.24"]
[Round "2.3"]
[White "Nestorovic, Nikola"]
[Black "Dziuba, Marcin"]
[Result "1/2-1/2"]
[WhiteElo "2458"]
[BlackElo "2582"]
[PlyCount "97"]
[EventDate "2019.??.??"]

1. e4 c6 2. d4 d5 3. e5 Bf5 4. Nd2 e6 5. Nb3 Nd7 6. Ne2 f6 7. f4 Nh6 8. Ng3 Bg6
9. Bd3 Be7 10. O-O O-O 11. Bxg6 hxg6 12. Be3 f5 13. h3 Nb6 14. Nc5 Bxc5 15.
dxc5 Nd7 16. c3 Nf7 17. b4 Qh4 18. Ne2 g5 19. Nd4 gxf4 20. Bxf4 Rae8 21. Qe1
Qxe1 22. Raxe1 g5 23. Bh2 Kh7 24. Nxf5 exf5 25. e6 Nf6 26. e7 Rg8 27. Rxf5 Rg6
28. Ref1 Kg7 29. Bd6 Nh6 30. Re5 Nhg8 31. g4 Kf7 32. h4 gxh4 33. g5 Kg7 34.
Ref5 Nd7 35. Kh2 Re6 36. Rf7+ Kg6 37. Rf8 R6xe7 38. Bxe7 Nxf8 39. Bxf8 Re5 40.
Kh3 Rxg5 41. Kxh4 Rh5+ 42. Kg4 Re5 43. Bd6 Nf6+ 44. Kf3 Rf5+ 45. Bf4 Ne4 46.
Rg1+ Kf6 47. Rg8 Rh5 48. Rf8+ Ke6 49. Re8+ 1/2-1/2

[Event "BL 1920 SG Turm Kiel - BCA Augsburg"]
[Site "?"]
[Date "2019.11.24"]
[Round "2.4"]
[White "Glud, Jakob Vang"]
[Black "Prusikin, Michael"]
[Result "1/2-1/2"]
[WhiteElo "2550"]
[BlackElo "2522"]
[PlyCount "73"]
[EventDate "2019.??.??"]

1. c4 e6 2. Nf3 d5 3. g3 Nf6 4. Bg2 Be7 5. O-O O-O 6. b3 d4 7. e3 c5 8. exd4
cxd4 9. d3 Nc6 10. Re1 Ne8 11. Ne5 Nxe5 12. Rxe5 f6 13. Re1 Nd6 14. Nd2 e5 15.
Ba3 Nf7 16. Qc1 Rb8 17. Nf3 Bxa3 18. Qxa3 a6 19. b4 Bg4 20. Rab1 Qc8 21. b5
axb5 22. Rxb5 Bd7 23. Rb6 Ra8 24. Qb3 Ba4 25. Qb2 Bc6 26. Nd2 Ng5 27. Ne4 Nxe4
28. Bxe4 Bxe4 29. Rxe4 Ra7 30. a4 Rxa4 31. Rxb7 Ra1+ 32. Qxa1 Qxb7 33. Re1 Ra8
34. Qd1 Ra3 35. Qe2 h6 36. h4 Qb3 37. Rd1 1/2-1/2

[Event "BL 1920 SG Turm Kiel - BCA Augsburg"]
[Site "?"]
[Date "2019.11.24"]
[Round "2.5"]
[White "Rozentalis, Eduardas"]
[Black "Bjerre, Jonas Buhl"]
[Result "1/2-1/2"]
[WhiteElo "2547"]
[BlackElo "2529"]
[PlyCount "156"]
[EventDate "2019.??.??"]

1. e4 c5 2. Nf3 d6 3. Bb5+ Bd7 4. Bxd7+ Nxd7 5. O-O Ngf6 6. Qe2 e6 7. c4 Ne5 8.
Nxe5 dxe5 9. d3 Be7 10. f4 exf4 11. Bxf4 Qd4+ 12. Be3 Qe5 13. Nc3 Rd8 14. Rad1
O-O 15. Bf4 Qh5 16. Rf3 Nd7 17. e5 Nb8 18. Qe3 Nc6 19. a3 Nd4 20. Rh3 Qg6 21.
Rf1 Rd7 22. Ne4 Rfd8 23. Nf6+ Bxf6 24. exf6 Nf5 25. Qxc5 b6 26. Qe5 Qxf6 27.
Qxf6 gxf6 28. Rff3 Kg7 29. Bd2 Kg6 30. g4 Nd4 31. Rh6+ Kg7 32. Rfh3 Nf3+ 33.
Rxf3 Rxd3 34. Rxd3 Rxd3 35. Bf4 e5 36. g5 exf4 37. Rxf6 Rd1+ 38. Kg2 Rd2+ 39.
Kg1 Rd1+ 40. Kg2 Rd2+ 41. Kg1 Rxb2 42. Rxf4 Rb3 43. c5 bxc5 44. Rc4 Rxa3 45.
Rxc5 Ra2 46. h4 Ra4 47. h5 Rh4 48. h6+ Kg6 49. Ra5 Rg4+ 50. Kh2 Rxg5 51. Rxa7
f6 52. Ra6 Rf5 53. Kg3 Kxh6 54. Ra8 Rg5+ 55. Kh4 Kg6 56. Rg8+ Kf5 57. Ra8 Rg4+
58. Kh3 Rd4 59. Ra7 Rd3+ 60. Kg2 h5 61. Rh7 Kg4 62. Rg7+ Kf4 63. Rh7 Rg3+ 64.
Kh2 Rg5 65. Kh3 f5 66. Ra7 Rg3+ 67. Kh4 Rd3 68. Ra4+ Kf3 69. Kg5 Kg3 70. Kxf5
h4 71. Rg4+ Kh3 72. Ra4 Kg3 73. Rg4+ Kh3 74. Ra4 Rg3 75. Rb4 Rg1 76. Ra4 Rf1+
77. Kg5 Rg1+ 78. Kh5 Kg2 1/2-1/2

[Event "BL 1920 SG Turm Kiel - BCA Augsburg"]
[Site "?"]
[Date "2019.11.24"]
[Round "2.6"]
[White "Gavrilescu, David"]
[Black "Stankovic, Milos"]
[Result "1/2-1/2"]
[WhiteElo "2454"]
[BlackElo "2468"]
[PlyCount "101"]
[EventDate "2019.??.??"]

1. e4 e6 2. d4 d5 3. Nc3 Nf6 4. e5 Nfd7 5. Nce2 c5 6. c3 cxd4 7. cxd4 f6 8. Nf4
Bb4+ 9. Bd2 Qb6 10. Bxb4 Qxb4+ 11. Qd2 Qxd2+ 12. Kxd2 Ke7 13. Nd3 Nc6 14. Nf3
fxe5 15. dxe5 b6 16. Rc1 Bb7 17. Be2 Rac8 18. Rc2 Na5 19. Rxc8 Rxc8 20. b3 Nc5
21. Nxc5 bxc5 22. Rc1 Nc6 23. Rxc5 Nxe5 24. Rb5 Nxf3+ 25. Bxf3 Rc7 26. Ra5 a6
27. Be2 Rc6 28. f4 Kd6 29. b4 e5 30. fxe5+ Kxe5 31. Ra3 Rh6 32. Rg3 g6 33. Re3+
Kd6 34. h3 g5 35. Rg3 Rg6 36. Bd3 Rg7 37. Rf3 g4 38. Rf6+ Ke5 39. Rf5+ Ke6 40.
hxg4 Rxg4 41. Rh5 Rxb4 42. Kc3 a5 43. Rxh7 d4+ 44. Kc2 Bd5 45. Rh6+ Ke7 46. Rh5
Kd6 47. Rh6+ Kc5 48. Rh5 Kd6 49. Rh6+ Kc5 50. Rh5 Kd6 51. Rh6+ 1/2-1/2

[Event "BL 1920 SG Turm Kiel - BCA Augsburg"]
[Site "?"]
[Date "2019.11.24"]
[Round "2.7"]
[White "Zeller, Frank"]
[Black "Pakleza, Zbigniew"]
[Result "1/2-1/2"]
[WhiteElo "2363"]
[BlackElo "2501"]
[PlyCount "46"]
[EventDate "2019.??.??"]

1. e4 g6 2. d4 Bg7 3. Nc3 d6 4. Nf3 Nf6 5. Be2 O-O 6. O-O Nc6 7. d5 Nb8 8. Re1
e5 9. dxe6 Bxe6 10. Bf4 Nc6 11. Qd2 Bg4 12. Bh6 Bxf3 13. Bxg7 Kxg7 14. Bxf3 Re8
15. g3 Qe7 16. Bg2 Qe5 17. Rad1 Qc5 18. a3 a5 19. Qe3 Qxe3 20. Rxe3 h5 21. f4
Re7 22. Nd5 Nxd5 23. Rxd5 f6 1/2-1/2

[Event "BL 1920 SG Turm Kiel - BCA Augsburg"]
[Site "?"]
[Date "2019.11.24"]
[Round "2.8"]
[White "Parvanyan, Ashot"]
[Black "Rupprecht, Andreas"]
[Result "1-0"]
[WhiteElo "2448"]
[BlackElo "2390"]
[PlyCount "77"]
[EventDate "2019.??.??"]

1. Nf3 Nf6 2. c4 g6 3. Nc3 d5 4. cxd5 Nxd5 5. h4 Nxc3 6. bxc3 Bg7 7. h5 Qd5 8.
e3 Nc6 9. d4 e5 10. Qa4 exd4 11. cxd4 O-O 12. Bd2 Bd7 13. Qc4 Be6 14. Qxd5 Bxd5
15. Bd3 Rfe8 16. Kf1 a5 17. a3 a4 18. Bb5 Rec8 19. Rc1 Bf8 20. Rc3 Na5 21. hxg6
hxg6 22. Ng5 Nb3 23. Be1 Ra5 24. Bd7 Bxg2+ 25. Kxg2 Rxg5+ 26. Kf3 Ra8 27. Rxc7
Bxa3 28. Bc3 Rh5 29. Rxh5 gxh5 30. Rxb7 Bd6 31. e4 h4 32. e5 Rb8 33. Rxb8+ Bxb8
34. Bxa4 Nc1 35. Bb5 Na2 36. Bd2 Ba7 37. Bc4 Bxd4 38. e6 fxe6 39. Bxe6+ 1-0

[Event "BL 1920 Hamburger SK - SC Viernheim"]
[Site "?"]
[Date "2019.12.07"]
[Round "3.1"]
[White "Anton Guijarro, David"]
[Black "Svane, Rasmus"]
[Result "1-0"]
[WhiteElo "2685"]
[BlackElo "2597"]
[PlyCount "63"]
[EventDate "2019.??.??"]

1. c4 Nf6 2. Nf3 e6 3. g3 d5 4. Bg2 Be7 5. O-O O-O 6. b3 d4 7. e3 c5 8. Ne5 Qc7
9. f4 Nfd7 10. Nd3 Nc6 11. Na3 e5 12. Bb2 exf4 13. Nb5 Qd8 14. exd4 cxd4 15.
Rxf4 Nde5 16. Nxe5 Nxe5 17. Qe2 Ng6 18. Re4 Bf5 19. Rxe7 Nxe7 20. Bxb7 Rb8 21.
Bg2 Re8 22. Nxd4 Bg6 23. Qf2 a6 24. Bc3 Qc7 25. Re1 Rbd8 26. Re3 Qc5 27. Nc6
Qxe3 28. dxe3 Rd1+ 29. Be1 Nf5 30. e4 Nd6 31. e5 Ne4 32. Qe3 1-0

[Event "BL 1920 Hamburger SK - SC Viernheim"]
[Site "?"]
[Date "2019.12.07"]
[Round "3.2"]
[White "Hansen, Sune Berg"]
[Black "Amin, Bassem"]
[Result "1-0"]
[WhiteElo "2555"]
[BlackElo "2683"]
[PlyCount "103"]
[EventDate "2019.??.??"]

1. e4 e5 2. Nf3 Nc6 3. Bc4 Nf6 4. d3 Bc5 5. O-O d6 6. c3 O-O 7. a4 a6 8. h3 Ba7
9. Re1 h6 10. Nbd2 Be6 11. Bxe6 fxe6 12. Nf1 Nh5 13. Be3 Bxe3 14. fxe3 a5 15.
Qe2 Qe8 16. Kh2 Nf6 17. Ng3 Rd8 18. Rf1 d5 19. exd5 exd5 20. e4 Qe6 21. Rf2 b6
22. Raf1 Nd7 23. Nh4 Rxf2 24. Rxf2 d4 25. Ngf5 Nf6 26. Qf3 Kh7 27. Nxg7 Kxg7
28. Qg3+ Kh8 29. Qg6 Ng4+ 30. Qxg4 Qxg4 31. hxg4 dxc3 32. bxc3 Kg7 33. Rf3 Ne7
34. Nf5+ Nxf5 35. gxf5 b5 36. axb5 a4 37. Rg3+ Kf7 38. Rg6 Rxd3 39. Rc6 a3 40.
Rxc7+ Kf6 41. b6 a2 42. b7 a1=Q 43. b8=Q Kg5 44. Qb6 Rxc3 45. Rg7+ Kf4 46.
Qxh6+ Kxe4 47. Qh4+ Kd5 48. Rd7+ Kc6 49. Qe7 Qa3 50. Qe6+ Kb5 51. Rb7+ Kc5 52.
Qxe5+ 1-0

[Event "BL 1920 Hamburger SK - SC Viernheim"]
[Site "?"]
[Date "2019.12.07"]
[Round "3.3"]
[White "Kovalenko, Igor"]
[Black "Engel, Luis"]
[Result "0-1"]
[WhiteElo "2647"]
[BlackElo "2531"]
[PlyCount "100"]
[EventDate "2019.??.??"]

1. e4 c5 2. Nc3 Nc6 3. Nf3 d6 4. d4 cxd4 5. Nxd4 Nf6 6. h3 e5 7. Nxc6 bxc6 8.
Bc4 Be7 9. O-O O-O 10. Qe2 Nd7 11. Be3 Nb6 12. Bb3 a5 13. Rfd1 Ba6 14. Qe1 Nc4
15. Bxc4 Bxc4 16. Na4 Be6 17. c4 f5 18. Bb6 Qb8 19. c5 d5 20. exd5 Bxd5 21. Nc3
Be6 22. f4 e4 23. Qe3 Rf7 24. Rd4 Qf8 25. Rad1 h6 26. Kh2 Kh7 27. b3 g5 28. Ne2
Qg7 29. Ra4 Rg8 30. g3 h5 31. Rg1 Qh6 32. Rxa5 Bf6 33. h4 gxh4 34. gxh4 Rxg1
35. Kxg1 Bxh4 36. Kf1 Qg7 37. Qc3 Qg4 38. Ra7 Bd7 39. Bd8 Bxd8 40. Ke1 Bh4+ 41.
Kd2 Bf2 42. a4 e3+ 43. Kd3 Qf3 44. Qc4 Qe4+ 45. Qxe4 fxe4+ 46. Kc2 h4 47. b4 h3
48. b5 h2 49. bxc6 h1=Q 50. cxd7 Qe1 0-1

[Event "BL 1920 Hamburger SK - SC Viernheim"]
[Site "?"]
[Date "2019.12.07"]
[Round "3.4"]
[White "Lampert, Jonas"]
[Black "Fedorchuk, Sergey A"]
[Result "1/2-1/2"]
[WhiteElo "2532"]
[BlackElo "2636"]
[PlyCount "43"]
[EventDate "2019.??.??"]

1. d4 Nf6 2. c4 e6 3. g3 Bb4+ 4. Bd2 Qe7 5. Bg2 Nc6 6. e3 Bxd2+ 7. Qxd2 d5 8.
Ne2 O-O 9. O-O Rd8 10. Qc2 e5 11. cxd5 Nxd5 12. dxe5 Nxe5 13. Nbc3 Nxc3 14.
Qxc3 Bg4 15. f3 Rd3 16. Qc1 Be6 17. Nf4 Rd6 18. Qc3 Bc4 19. Rfd1 Re8 20. b3 Bb5
21. Nd5 Qd7 22. e4 1/2-1/2

[Event "BL 1920 Hamburger SK - SC Viernheim"]
[Site "?"]
[Date "2019.12.07"]
[Round "3.5"]
[White "Libiszewski, Fabien"]
[Black "Ernst, Sipke"]
[Result "1/2-1/2"]
[WhiteElo "2526"]
[BlackElo "2541"]
[PlyCount "40"]
[EventDate "2019.??.??"]

1. e4 e5 2. Nf3 Nc6 3. Bb5 a6 4. Ba4 Nf6 5. O-O Nxe4 6. d4 b5 7. Bb3 d5 8. dxe5
Be6 9. Qe2 Be7 10. Rd1 O-O 11. c4 bxc4 12. Bxc4 Bc5 13. Be3 Bxe3 14. Qxe3 Qb8
15. Bb3 Na5 16. Nbd2 Qa7 17. Nxe4 Qxe3 18. fxe3 Nxb3 19. axb3 dxe4 20. Nd4 c5
1/2-1/2

[Event "BL 1920 Hamburger SK - SC Viernheim"]
[Site "?"]
[Date "2019.12.07"]
[Round "3.6"]
[White "Heinemann, Thies"]
[Black "Abergel, Thal"]
[Result "1/2-1/2"]
[WhiteElo "2492"]
[BlackElo "2477"]
[PlyCount "60"]
[EventDate "2019.??.??"]

1. e4 c5 2. Nf3 e6 3. g3 Nc6 4. Bg2 Nf6 5. Qe2 d5 6. exd5 Nxd5 7. O-O Be7 8.
Rd1 Qb6 9. c3 Bf6 10. Na3 O-O 11. Nc4 Qa6 12. Re1 Bd7 13. d3 Rad8 14. Qc2 b5
15. Nce5 Bxe5 16. Nxe5 Nxe5 17. Rxe5 Qd6 18. Re1 Bc6 19. a3 Ne7 20. Be4 Ng6 21.
a4 Bxe4 22. dxe4 Ne5 23. Rf1 a6 24. axb5 axb5 25. Bf4 Qd3 26. Qxd3 Nxd3 27. Be3
Ra8 28. b3 c4 29. bxc4 bxc4 30. Rfb1 h5 1/2-1/2

[Event "BL 1920 Hamburger SK - SC Viernheim"]
[Site "?"]
[Date "2019.12.07"]
[Round "3.7"]
[White "Tarlev, Konstantin"]
[Black "Rogozenco, Dorian"]
[Result "1/2-1/2"]
[WhiteElo "2573"]
[BlackElo "2472"]
[PlyCount "42"]
[EventDate "2019.??.??"]

1. e4 c5 2. Nf3 e6 3. d4 cxd4 4. Nxd4 Nf6 5. Nc3 Nc6 6. Nxc6 bxc6 7. e5 Nd5 8.
Ne4 Qc7 9. f4 Qb6 10. c4 Bb4+ 11. Ke2 f5 12. exf6 Nxf6 13. Be3 Qd8 14. Nd6+
Bxd6 15. Qxd6 Bb7 16. Kd1 c5 17. Qxc5 Be4 18. Qd6 Rc8 19. b3 Rc6 20. Qd4 O-O
21. Kc1 a5 1/2-1/2

[Event "BL 1920 Hamburger SK - SC Viernheim"]
[Site "?"]
[Date "2019.12.07"]
[Round "3.8"]
[White "Sebastian, Dirk"]
[Black "Zaragatski, Ilja"]
[Result "0-1"]
[WhiteElo "2456"]
[BlackElo "2497"]
[PlyCount "74"]
[EventDate "2019.??.??"]

1. e4 c6 2. Nc3 d5 3. Nf3 Nf6 4. e5 Ne4 5. Ne2 Qb6 6. d4 e6 7. Nfg1 f6 8. f3
Ng5 9. exf6 gxf6 10. f4 Ne4 11. Ng3 Bd7 12. a4 a5 13. c3 c5 14. Nxe4 dxe4 15.
d5 exd5 16. Qxd5 Nc6 17. Qxe4+ Ne7 18. Bb5 Bxb5 19. axb5 Qxb5 20. Ne2 Qc6 21.
Ng3 h5 22. O-O h4 23. Nf5 Rd8 24. Qe2 b6 25. Re1 Rd7 26. Ne3 Kf7 27. c4 h3 28.
Bd2 hxg2 29. Bc3 Qe6 30. Ng4 Qxe2 31. Rxe2 Bg7 32. Rae1 Rh4 33. Rxg2 Nf5 34.
Kf1 Nd4 35. Kf2 f5 36. Ne3 Rxf4+ 37. Kg3 Rf3+ 0-1

[Event "BL 1920 SG Turm Kiel - Aachener SV"]
[Site "?"]
[Date "2019.12.07"]
[Round "3.1"]
[White "Seel, Christian"]
[Black "Cheparinov, Ivan"]
[Result "0-1"]
[WhiteElo "2487"]
[BlackElo "2687"]
[PlyCount "82"]
[EventDate "2019.??.??"]

1. Nf3 c5 2. c4 Nc6 3. Nc3 Nf6 4. g3 g6 5. Bg2 Bg7 6. O-O O-O 7. d4 cxd4 8.
Nxd4 Qa5 9. Nc2 d6 10. Bd2 Qh5 11. e4 Ng4 12. h3 Nge5 13. Qxh5 gxh5 14. b3 Bxh3
15. f4 Bxg2 16. Kxg2 Nd7 17. Rh1 a6 18. Ne3 e6 19. Rxh5 Nf6 20. Rhh1 b5 21. a3
Nd4 22. Rab1 Rfc8 23. g4 h6 24. Kf2 Nd7 25. Rhd1 Nc5 26. Be1 Ndxb3 27. Kg2 bxc4
28. Nxc4 Bxc3 29. Nxd6 Bxe1 30. Nxc8 Rxc8 31. Rxe1 Nd3 32. Re3 Nxf4+ 33. Kg3
Nd2 34. Rd1 Nc4 35. Rc1 Ng6 36. Rb3 Nge5 37. Rb7 Rd8 38. Rc3 Nd6 39. Rb4 Nd3
40. Ra4 Nb2 41. Rb4 a5 0-1

[Event "BL 1920 SG Turm Kiel - Aachener SV"]
[Site "?"]
[Date "2019.12.07"]
[Round "3.2"]
[White "Khenkin, Igor"]
[Black "Koch, Thomas"]
[Result "1-0"]
[WhiteElo "2546"]
[BlackElo "2473"]
[PlyCount "79"]
[EventDate "2019.??.??"]

1. Nf3 Nf6 2. c4 e6 3. Nc3 Bb4 4. Qc2 c5 5. a3 Bxc3 6. Qxc3 O-O 7. b4 b6 8. Bb2
Bb7 9. g4 Nc6 10. g5 Ne8 11. Rg1 Rc8 12. bxc5 bxc5 13. h4 d5 14. cxd5 exd5 15.
Bh3 Rc7 16. h5 Qd6 17. Rc1 Nb8 18. Ne5 d4 19. Qg3 Bd5 20. Nd3 Na6 21. h6 g6 22.
Qe5 Rb7 23. Bc8 Rxb2 24. Qxd6 Nxd6 25. Bxa6 Ra2 26. Nxc5 Be6 27. Rg3 Rb8 28.
Rd3 Rc2 29. Kd1 Rxc1+ 30. Kxc1 Rb6 31. Rxd4 Rc6 32. Kb2 Rxc5 33. Rxd6 Kf8 34.
f4 Ke7 35. Rd4 f6 36. gxf6+ Kxf6 37. Bd3 Rh5 38. Rd6 Ke7 39. Ra6 Rxh6 40. Rxa7+
1-0

[Event "BL 1920 SG Turm Kiel - Aachener SV"]
[Site "?"]
[Date "2019.12.07"]
[Round "3.3"]
[White "Piceu, Tom"]
[Black "Salgado Lopez, Ivan"]
[Result "0-1"]
[WhiteElo "2375"]
[BlackElo "2605"]
[PlyCount "40"]
[EventDate "2019.??.??"]

1. d4 Nf6 2. c4 e6 3. Nf3 b6 4. a3 Bb7 5. Nc3 Be7 6. Bg5 h6 7. Bh4 d6 8. e3
Nbd7 9. Be2 g5 10. Bg3 g4 11. Nd2 Bxg2 12. Rg1 Bb7 13. Bxg4 Nxg4 14. Qxg4 h5
15. Qh3 h4 16. O-O-O Nf8 17. Bf4 Qd7 18. Kb1 e5 19. Qxd7+ Nxd7 20. Nb5 O-O-O
0-1